000 00437nam a2200193Ia 4500
005 20240823022522.0
008 240823s9999||||xx |||||||||||||| ||und||
020 _a978-07-060741-9
041 _aENGLISH
082 _A620.00151825 P7
100 _aReddy J N
245 0 _aFinite Element Method
250 _a3rd
260 _c2000
_bTMH New D
500 _aYES
650 _aFinite
_bMechanical
942 _cBK
999 _c179362
_d179362